000 00387nam a22001577a 4500
003 SGT
020 _a978-0-521-13517-7
082 _a616.9883
_bD18C
100 _aCHEESBROUGH,MONICA
245 _aDISTRICT LABORATORY PRACTICE IN TROPICAL COUNTRIES
250 _a2ND
260 _aNEW DELHI
_bCAMBRIDGE UNIVERSITY PRESS
_c2018
300 _a454
650 _aAYURVEDA
942 _2ddc
_cBK
999 _c16883
_d16883